Liiga pelaajat kuvissa - Statistics

General Stats
  • This quiz has been taken 42 times
  • The average score is 8 of 16
Answer Stats
Picture Answer % Correct
Åsten
79%
Savinainen
76%
Jormakka
73%
Rubin
73%
Vatanen
67%
Räty
64%
Török
61%
Virtanen
58%
Blichfeld
52%
Jasek
52%
Krannila
45%
Fabre
42%
Tukiainen
33%
Kuusla
24%
Määttä
15%
Kramer
0%
No matching quizzes found
Score Distribution
Percent of People with Each Score
Percentile by Number Answered
Your Score History
You have not taken this quiz